000 00994nam a2200289 a 4500
001 41660
003 BD-RjUL
005 20211209053429.0
008 160604s1970 enk b 001 0 eng d
020 _a0043220010
020 _a0043220029 (pbk)
035 _a(BD-RjUL)41778
040 _aDLC
_cDLC
_beng
_dBD-RjUL
041 _aeng
082 _a321.8
_bMOO 1970
100 1 _aMoodie, Graeme C.
_9127959
245 1 0 _aOpinions, publics and pressure groups :
_ban essay on 'Vox Populi' and representative government /
_cby Graeme C. Moodie and Gerald Studdert-Kennedy.
260 _aLondon :
_bAllen & Unwin,
_c1970.
300 _a115 p. ;
_c23 cm.
490 1 _aStudies in political science ;
_v6
504 _aIncludes bibliographical references and index.
650 0 _aPressure groups.
_9127960
650 0 _aPublic opinion.
_9127961
700 1 _aStuddert-Kennedy, Gerald.
_9127962
830 0 _aStudies in political science (George Allen & Unwin) ;
_v6.
_9127963
942 _2ddc
_cBK
999 _c41660
_d41660